Hamilton Songs by Lyric Click Quiz - Statistics

General Stats
  • This quiz has been taken 2,317 times
  • The average score is 27 of 46
Answer Stats
Hint Answer % Correct
And her body's saying, "hell yes" Say No to This
88%
I will kill your friends and family You’ll Be Back
88%
Angelica, Eliza, and Peggy! The Schuyler Sisters
84%
I'm the damn fool that shot him Alexander Hamilton
77%
You punched the bursar? Aaron Burr, Sir
76%
Love doesn't discriminate between the sinners and the saints Wait for It
75%
The world has no place in our bed Burn
74%
Run away with us for the summer let's go upstate Take a Break
74%
Is it a question of "if," Burr, or which one? A Winter’s Ball
72%
But then he shakes your hand and says, "Be true" Helpless
70%
I guess I basically missed the late '80s What’d I Miss
70%
Chaos and bloodshed are not a solution! Farmer Refuted
69%
It's Ben Franklin with a key and a kite Satisfied
68%
Jefferson has beliefs; Burr has none The Election of 1800
67%
At his own house? Damn! The Reynolds Pamphlet
67%
He gives me what you always wanted- He gives me more time Who Lives, Who Dies, Who Tells Your Story
66%
Raise a glass to freedom- something they can never take away The Story of Tonight
63%
I can almost see the headlines- your career is done We Know
63%
Call me son one more time! Meet Me Inside
60%
A diamond in the rough, a shiny piece of coal My Shot
60%
We know who's really doing the planting Cabinet Battle #1
58%
I couldn't seem to die Hurricane
57%
Your man has to answer for his words, Burr Ten Duel Commandments
57%
The code word is "Rochambeau," dig me? Yorktown (The World Turned Upside Down)
57%
Domestic life was never quite my style Dear Theodosia
55%
What's he gonna do on the bench, ami? Guns and Ships
55%
I led my men straight into a massacre History Has Its Eyes on You
55%
Weehawken. Dawn. Guns. Drawn. Your Obedient Servant
54%
And I pray- That never used to happen before It’s Quiet Uptown
53%
Yo, who the f is this? Non-Stop
53%
Now I'm the model of a modern major general Right Hand Man
53%
She's married to a British officer The Story of Tonight – Reprise
53%
The meeting's at dawn Best of Wives and Best of Women
51%
Uhh who provided those funds? (France) Cabinet Battle #2
51%
That poor man- they're going to eat him alive! I Know Him
51%
Since when are you a democratic republican? Schuyler Defeated
51%
How 'bout when I get back we all strip down to our socks? Blow Us All Away
50%
Whatever it is, Jefferson started it One Last Time
50%
I would always change the line Stay Alive – Reprise
49%
The pieces that are sacrificed in every game of chess The Room Where It Happens
47%
The fact that you're alive is a miracle That Would Be Enough
46%
Creole bastard The Adams Administration
43%
This immigrant isn't somebody we chose! Washington on Your Side
43%
Laurens leads a soldier's chorus on the other side The World Was Wide Enough
42%
Do you know how hard it is to lead? What Comes Next?
35%
I'm a general- wheeeee! Stay Alive
34%
No matching quizzes found
Score Distribution
Percent of People with Each Score
Percentile by Number Answered
Your Score History
You have not taken this quiz